| 000 | 01421nam a2200265Ii 4500 | ||
|---|---|---|---|
| 003 | JO-AjNU | ||
| 005 | 20240623115933.0 | ||
| 008 | 230605s9999||||xx |||||||||||||| ||und|| | ||
| 040 |
_aJO-AjNU _bara _erda _cJO-AjNU |
||
| 041 | _aara | ||
| 050 |
_aHG3261 _b2015 |
||
| 100 | 1 |
_aابو زريق، محمد _964932 _eمعد |
|
| 245 | 0 |
_aاثر التدفقات النقدية والربحية على تفسير القيمة السوقية لأسهم البنوك التجارية الاردنية : "دراسة تطبيقية" = The Effect of the Cash Flows and Profitability on the Interpretation of the Market Value of the Shares of Jordanian Commercial Banks : An Empirical Study / _cاعداد محمد ابو زريق؛ اشراف سناء مسودة |
|
| 260 | _c2015 | ||
| 300 | _a86 ورقة | ||
| 336 |
_atext _btxt _2rdacontent |
||
| 337 |
_aunmediated _bn _2rdamedia |
||
| 338 |
_avolume _bnc _2rdacarrier |
||
| 500 | _aرسالة جامعية (رسالة ماجستير) .- جامعة جدارا (اربد،الاردن)، كلية الاقتصاد والاعمال، قسم المحاسبة | ||
| 501 | _aتحتوي على ملاحق | ||
| 504 | _aتحتوي على مراجع باللغتين العربية والانجليزية | ||
| 650 | 4 | 0 |
_aالبنوك التجارية-راس المال-الاسهم-الاردن. _964935 |
| 700 | 1 |
_aمسودة، سناء _964938 _eمشرف |
|
| 942 |
_2lcc _cTHS |
||
| 999 |
_c32979 _d32979 |
||